000 00587nam a2200229Ia 4500
003 OSt
005 20221006164424.0
006 a|||||r|||| 00| 0
007 ta
008 221006b |||||||| |||| 00| 0 eng d
024 _a1,080
037 _cTextual
040 _aFML
_cFML
_beng
041 _2eng
_aeng
082 _aNR5k, J8;L3
100 _aJacob Arthur Au.
_9677441
245 0 _aA New Dictonary of Music
260 _aLondon
_bPenguine
_c1973
300 _a424
_ccm.
942 _hNR5k, J8;L3
_cTEXL
_2CC
999 _c1117217
_d1117217